| 000 -LEADER |
| fixed length control field |
01906cam a2200313 i 4500 |
| 001 - CONTROL NUMBER |
| control field |
19939995 |
| 005 - DATE AND TIME OF LATEST TRANSACTION |
| control field |
20240829134526.0 |
| 008 - FIXED-LENGTH DATA ELEMENTS--GENERAL INFORMATION |
| fixed length control field |
170822s2019 nyu b 001 0 eng |
| 010 ## - LIBRARY OF CONGRESS CONTROL NUMBER |
| LC control number |
2017039940 |
| 020 ## - INTERNATIONAL STANDARD BOOK NUMBER |
| International Standard Book Number |
9781292264905 |
| 040 ## - CATALOGING SOURCE |
| Original cataloging agency |
DLC |
| Language of cataloging |
eng |
| Transcribing agency |
DLC |
| Description conventions |
rda |
| Modifying agency |
DLC |
| 042 ## - AUTHENTICATION CODE |
| Authentication code |
pcc |
| 050 00 - LIBRARY OF CONGRESS CALL NUMBER |
| Classification number |
TA177.4 |
| Item number |
.S85 2019 |
| 082 00 - DEWEY DECIMAL CLASSIFICATION NUMBER |
| Classification number |
658.15,SUL |
| Edition number |
23 |
| 100 1# - MAIN ENTRY--PERSONAL NAME |
| Personal name |
Sullivan, William G., |
| Dates associated with a name |
1942- |
| Relator term |
author. |
| 245 10 - TITLE STATEMENT |
| Title |
Engineering economy / |
| Statement of responsibility, etc. |
William G. Sullivan, Virginia Polytechnic Institute and State University, Elin M. Wicks, Abacus Accounting, LLC, C. Patrick Koelling, Virginia Polytechnic Institute and State University. |
| 250 ## - EDITION STATEMENT |
| Edition statement |
Seventeenth edition. |
| 264 #1 - PRODUCTION, PUBLICATION, DISTRIBUTION, MANUFACTURE, AND COPYRIGHT NOTICE |
| Place of production, publication, distribution, manufacture |
NY, NY : |
| Name of producer, publisher, distributor, manufacturer |
Pearson, |
| Date of production, publication, distribution, manufacture, or copyright notice |
[2019] |
| 300 ## - PHYSICAL DESCRIPTION |
| Extent |
xxiv, 716 pages ; |
| Dimensions |
24 cm |
| 336 ## - CONTENT TYPE |
| Content type term |
text |
| Content type code |
txt |
| Source |
rdacontent |
| 337 ## - MEDIA TYPE |
| Media type term |
unmediated |
| Media type code |
n |
| Source |
rdamedia |
| 338 ## - CARRIER TYPE |
| Carrier type term |
volume |
| Carrier type code |
nc |
| Source |
rdacarrier |
| 505 ## - FORMATTED CONTENTS NOTE |
| Formatted contents note |
Chapter 1: Introduction to Engineering Economy (Page-31), Chapter 2: Cost Concepts and Design Economics (Page-50),Chapter 3: Cost-Estimation Techniques (Page-92),Chapter 4: The Time Value of Money (Page-134), Chapter 5: Evaluating A Single Project (Page-218),Chapter 6: Comparison and Selection Among Alternatives (Page-276),Chapter 7: Depreciation and Income Taxes (Page-352), Chapter 8: Price Changes and Exchange Rates (Page-415),Chapter 9: Replacement Analysis (Page-452),Chapter 10: Evaluating Projects with the Benefit−Cost Ratio Method (Page-493),Chapter 11: Breakeven and Sensitivity Analysis (Page-525),Chapter 12: Probabilistic Risk Analysis (Page-553),Chapter 13: The Capital Budgeting Process (Page-597),Chapter 14: Decision Making Considering Multiattributes (Page-626). |
| 650 #0 - SUBJECT ADDED ENTRY--TOPICAL TERM |
| Topical term or geographic name entry element |
Engineering economy. |
| 700 1# - ADDED ENTRY--PERSONAL NAME |
| Personal name |
Wicks, Elin M., |
| Relator term |
author. |
| 9 (RLIN) |
125511 |
| 700 1# - ADDED ENTRY--PERSONAL NAME |
| Personal name |
Koelling, C. Patrick, |
| Dates associated with a name |
1953- |
| Relator term |
author. |
| 9 (RLIN) |
125512 |
| 906 ## - LOCAL DATA ELEMENT F, LDF (RLIN) |
| a |
7 |
| b |
cbc |
| c |
orignew |
| d |
1 |
| e |
ecip |
| f |
20 |
| g |
y-gencatlg |
| 942 ## - ADDED ENTRY ELEMENTS (KOHA) |
| Source of classification or shelving scheme |
|
| Koha item type |
Book |
| Call number prefix |
658.15,SUL |